| 000 | 00000ngm##2200000za#4500 |
| 001 | 9.670134 |
| 003 | CaOODSP |
| 005 | 20210615125307 |
| 007 | vd |v|||| |
| 008 | 150407|2007||||xxc--- | fq v|fre|d |
| 040 | |aCaOODSP|bfre |
| 041 | |aeng |
| 041 | |afre |
| 043 | |an-cn--- |
| 086 | 1 |aK21-1/2007-DVD |
| 110 | 1 |aCanada. |bConseil des arts du Canada. |
| 245 | 10|a50e rapport annuel, Conseil des Arts du Canada, 2006-2007 |h[enregistrement vidéo] |
| 260 | |aOttawa - Ontario : |bConseil des Arts du Canada |c[2007]. |
| 300 | |a1 disque.|bgraphiques, tableaux, photographies |
| 520 | 3 |aPrésente les activités du Conseil des Arts du Canada au cours de l’exercice financier. Il porte sur les programmes des arts, les prix et les donations du Conseil. Le Conseil des Arts du Canada offre aux artistes et aux organismes artistiques professionnels une vaste gamme de subventions et de services et contribue à la sensibilisation du public aux arts. |
| 590 | |a08-19|b2008-05-09 |
| 691 | 07|aArts|2gcpds |
| 691 | 07|aRapport annuel|2gcpds |
| 776 | 0#|t50th annual report, Canada Council for the Arts, 2006-07 |w(CaOODSP)9.670131 |
| 791 | |t50th annual report, Canada Council for the Arts, 2006-2007 |eeng|w(CaOODSP)9.670133 |